书目信息 |
| 题名: |
农业生物活性测试标准操作规范:杀菌剂卷
|
|
| 作者: | 康卓 顾宝根 | |
| 分册: | ||
| 出版信息: | 北京 化学工业出版社 2016.60 |
|
| 页数: | 204 | |
| 开本: | 26cm | |
| 丛书名: | ||
| 单 册: | ||
| 中图分类: | S48-65 | |
| 科图分类: | ||
| 主题词: | 植物--灾害--农药防治 , 植物--灾害--化学防治 | |
| 电子资源: | ||
| ISBN: | 7-122-26958-4 | |
| 000 | 00676nam0 2200193 450 | |
| 001 | 1735965424 | |
| 005 | 20170410095925.42 | |
| 010 | @a7-122-26958-4@b精装 | |
| 100 | @a20170410d km y0chiy0120 ea | |
| 101 | 0 | @achi |
| 200 | 1 | @a农业生物活性测试标准操作规范:杀菌剂卷@Anong ye sheng wu huo xing ce shi biao zhun cao zuo gui fan:sha jun ji juan@f康卓 顾宝根@Fkang zhuo gu bao gen |
| 210 | @a北京@c化学工业出版社@d2016.60 | |
| 215 | @a204@d26cm | |
| 606 | 0 | @a植物@x灾害@x农药防治 |
| 606 | 0 | @a植物@x灾害@x化学防治 |
| 690 | @aS48-65@v4 | |
| 701 | 0 | @a康卓 顾宝根@Akang zhuo gu bao gen |
| 801 | 0 | @aCN@b大连网信软件有限公司图书馆·11@c20170410 |
| 905 | @b6604877@dS48-65@en1@f1 | |
| 农业生物活性测试标准操作规范:杀菌剂卷/康卓 顾宝根.-北京:化学工业出版社,2016.60 |
| 204;26cm |
| ISBN 7-122-26958-4(精装): |
| ● |
| 相关链接 |
|
|
|
|
正题名:农业生物活性测试标准操作规范:杀菌剂卷
索取号:S48-65/n1
 
预约/预借
| 序号 | 登录号 | 条形码 | 馆藏地/架位号 | 状态 | 备注 |
| 1 | 6604877 | 266048779 | 密集书库-生命科学系/ [索取号:S48-65/n1] | 在馆 |